WWE Divas/Women By Picture - Statistics

General Stats
  • This quiz has been taken 128 times
  • The average score is 31 of 40
Answer Stats
Picture Answer % Correct
Brie Bella
98%
Nikki Bella
98%
AJ Lee
94%
Becky Lynch
94%
Paige
94%
Charlotte Flair
93%
Sasha Banks
90%
Alexa Bliss
89%
Rhea Ripley
89%
Bayley
88%
Naomi
88%
Natalya
88%
Ronda Rousey
88%
Lita
87%
Asuka
84%
Liv Morgan
84%
Nia Jax
83%
Eva Marie
82%
Trish Stratus
82%
Stephanie Mcmahon
80%
Bianca Belair
79%
Alicia Fox
78%
Chyna
78%
Carmella
77%
Kelly Kelly
76%
Beth Phoenix
73%
Vickie Guerrero
73%
Mickie James
72%
Maryse
67%
Michelle McCool
65%
Tamina
63%
Eve Torres
62%
Lana
62%
Layla
61%
Mandy Rose
60%
Cameron
59%
Emma
56%
Summer Rae
55%
Kaitlyn
52%
Sonya Deville
52%
No matching quizzes found
Score Distribution
Percent of People with Each Score
Percentile by Number Answered
Your Score History
You have not taken this quiz